Public relations cases / (Record no. 343736)

000 -LEADER
fixed length control field 01011 a2200205 4500
020 ## - INTERNATIONAL STANDARD BOOK NUMBER
International Standard Book Number 0534514324
020 ## - INTERNATIONAL STANDARD BOOK NUMBER
International Standard Book Number 9780534514327
082 04 - DEWEY DECIMAL CLASSIFICATION NUMBER
Classification number 659.2
090 ## - LOCALLY ASSIGNED LC-TYPE CALL NUMBER (OCLC); LOCAL CALL NUMBER (RLIN)
-- 1208
-- 1208
100 1# - MAIN ENTRY--PERSONAL NAME
Personal name Hendrix, Jerry A.
245 10 - TITLE STATEMENT
Title Public relations cases /
Statement of responsibility, etc. Jerry A. Hendrix.
250 ## - EDITION STATEMENT
Edition statement 5th ed.
260 ## - PUBLICATION, DISTRIBUTION, ETC.
Place of publication, distribution, etc. [S.l.] :
Name of publisher, distributor, etc. Wadsworth Publishing Company,
Date of publication, distribution, etc. 2000.
300 ## - PHYSICAL DESCRIPTION
Extent 480 p. ;
Dimensions 23 cm.
500 ## - GENERAL NOTE
General note Paperback.
520 ## - SUMMARY, ETC.
Summary, etc. The Fifth Edition continues to study examples of public relations by following the author's philosophy that great PR comes from interactive participation among sources and receivers of information. The text walks students through the evaluation of excellent case studies and helps students to understand why select public relations cases had the effect they did.
856 40 - ELECTRONIC LOCATION AND ACCESS
Materials specified Amazon.com
Uniform Resource Identifier <a href="http://www.amazon.com/exec/obidos/ASIN/0534514324/chopaconline-20">http://www.amazon.com/exec/obidos/ASIN/0534514324/chopaconline-20</a>
856 40 - ELECTRONIC LOCATION AND ACCESS
Materials specified Amazon customer reviews
Uniform Resource Identifier <a href="http://www.chopac.org/cgi-bin/tools/azrev.pl?q=0534514324">http://www.chopac.org/cgi-bin/tools/azrev.pl?q=0534514324</a>
942 ## - ADDED ENTRY ELEMENTS (KOHA)
Institution code [OBSOLETE] NBS
Koha item type Book
Call number prefix 659.2 HEN
Holdings
Withdrawn status Lost status Damaged status Not for loan Permanent Location Current Location Date acquired Total Checkouts Full call number Barcode Date last seen Price effective from Koha item type
        Central Library (CL) Central Library (CL) 08/28/2013   659.2 HEN NBS7374 08/28/2013 08/28/2013 Book
© 2023 Central Library, National University of Sciences and Technology. All Rights Reserved.